01188nam a22002537a 45000010005000000030006000050050017000110080041000280400029000690500019000980820008001171000024001252450178001492500041003272600029003683000045003975050007004425200349004495210018007985210018008166500022008346500041008567000037008977806FISKH20250811085357.0250811b cb ||||| |||| 00| 0 eng d aFISKHbengcFISKHdFISKH a PZ7.S611155 S a828 aRawson, Christopher aStories of princes and princesse /cChristopher Rawson ; Adapted by Lesley Sims ; Illustrated by Stephen Cartwright ; Reading consultant: Alison Kelly ; RoehamptonUniversity aThis edition first published in 2007 aLondon :bUsborne,c1980 a48 pages :bcolor illustrations ;c20 cm aG  aPrinces and princesses go together like sea and sand. But what if you're the world's clumsiest prince? Or the smelliest? Or you're a princess who doesn't want to get married? Then things get a little tricky. Usborne Young Reading books combine good stories with easy reading text. Series One is for readers who have just started reading alone. 8 a340 bLexile 8 aG bRaz-Plus  2UsborneaPrincess 2Beginning LevelaYoung reader series aCartwright, Stephendillustrator